00942nam a22002057a 4500003000900000008004100009020001800050040007100068082002400139245024500163260008400408300006000492650001900552650002100571650001900592650002200611650001400633700004300647700004600690AR-CdUCM190513b ||||| |||| 00| 0 spa d a9786124121258 aMUNICIPALIDAD PROVINCIAL DEL CUSCOcBIBLIOTECA MUNICIPAL DEL CUSCO aEP/869.57038/Q7bQ7 aQuri libro, qullqi libro = Libro de oro, libro de plata :bwarmakunap yachayninmanta = el saber de los niños /c[traducción, Rafael Mercado ; compilación y adaptación, Rafael Mercado,ligia Alencastre, Marisol Chagua, Alfredo Quispe] aCusco :bCentro de Estudios Regionales Andinos Bartolomé de Las Casas,c2017. a152 páginas. :bilustraciones en color ;c23 X 25 cm. aCuento peruano aCuentos quechuas aLengua quechua aLibros de lectura aSiglo XXI aMercado, Rafaeletraductorecompilador aAlencastre, Ligiaecompiladoraeadaptador